| 000 | 00505pab a2200193 454500 | ||
|---|---|---|---|
| 008 | 180718b2009 xxu||||| |||| 00| 0 eng d | ||
| 100 | _aSubramanian, Arvind | ||
| 245 | _aIndia and climate change: some international dimensions | ||
| 260 | _c2009 | ||
| 300 | _ap.43-50. | ||
| 362 | _a1 Aug | ||
| 650 | _aClimatic change - India | ||
| 650 | _aClimatic change | ||
| 700 | _aMattoo, Aaditya | ||
| 700 | _aBirdsall, Nancy | ||
| 773 | _aEconomic and Political Weekly | ||
| 908 | _aN | ||
| 909 | _a83322 | ||
| 999 |
_c83322 _d83322 |
||